The Role of Management Leader Based on Idealistic and Realistic Philosophy

Analýza európskej filozofie v období od antiky po renesanciu. Chápanie pojmu vodca v prácach Platóna, Aristotela a Machiavelliho.

Na minha lista:
Detalhes bibliográficos
Autor principal: Smolík, Josef
Outros Autores: Nesiba, Jiří
Formato: Capítulo de Livro
Idioma:inglês
Assuntos:
Tags: Adicionar Tag
Sem tags, seja o primeiro a adicionar uma tag!

MARC

LEADER 00000naa a2200000 4500
001 0243946
005 20180612115054.4
041 0 |a eng 
044 |a CZ 
245 1 0 |a The Role of Management Leader Based on Idealistic and Realistic Philosophy  |c Josef Smolík, Jiří Nesiba 
520 |a Analýza európskej filozofie v období od antiky po renesanciu. Chápanie pojmu vodca v prácach Platóna, Aristotela a Machiavelliho. 
610 2 0 |a lídri 
610 2 0 |a manažment 
610 2 0 |a filozofia 
610 2 0 |a Európa 
610 2 0 |a vodcovstvo 
610 2 0 |a filozofi 
100 1 |a Smolík, Josef 
700 1 |a Nesiba, Jiří